00000000nam 2200000zi 4500
0019.561397
003CaOODSP
00520230117114354
007cr |||||||||||
008150406s2006    xxc|||||o    f|0| 0 eng d
040 |aCaOODSP|beng
043 |an-cn---
0861 |aYM32-6/05-104E-PDF
1001 |aCollin, Chantal, |eauthor.
24510|aFederal investments in research and development and capacity building in the higher education sector / |cChantal Collin.
264 1|bLibrary of Parliament, |c30 March 2006.
300 |a1 online resource (16 pages) : |btables.
336 |atext|btxt|2rdacontent
337 |acomputer|bc|2rdamedia
338 |aonline resource|bcr|2rdacarrier
4901 |a[Modular backgrounders] ; |vPRB 05-104E
590 |a06-47|b2006-11-24
69007|aFederal government|2gcpds
69007|aPostsecondary education|2gcpds
69007|aResearch grants|2gcpds
7101 |aCanada.|bLibrary of Parliament. |bParliamentary Research Branch, |eissuing body.
77508|tLes investissements fédéraux dans la recherche et le développement et le renforcement des capacités du secteur de l'enseignement supérieur / |w(CaOODSP)9.593997
830#0|a[Modular backgrounders]|vPRB 05-104E|w(CaOODSP)9.504922
85640|ahttp://publications.gc.ca|qPDF|s157 KB|uhttps://publications.gc.ca/collections/Collection-R/LoPBdP/PRB-e/PRB05104-e.pdf|yPRB 05-104E